000 02046cam a2200529 4500
001 21433
003 VRT
005 20260302105848.0
008 181017s2018 xo a a 000 0 slo
015 _aSNBA2019/06
020 _a9788056702710
_q(viazané)
039 9 _a202301131547
_bmsnk18
_c202201201858
_dAUTHORITY
_c202010061406
_dmsnk18
_c202002271544
_dmsnk134
040 _aPOKPOH
_bslo
_cPOKPOH
_dSNK
_erda
041 1 _aslo
_heng
044 _axo
_cSK
072 7 _a523/524
_xSlnečná sústava Hviezdy. Vesmír
_2konspekt
072 7 _a0/9-053.2
_xLiteratúra pre deti a mládež (náučná)
_2konspekt
080 _a524.3
_22011
080 _a(0.053.2)
_22011
080 _a(0.025.2)
_22011
100 1 _aÁlvarez, Marta,
_d1976-
_4ill
240 1 0 _aWhat are stars?
_lSlovensky
245 1 0 _aČo sú hviezdy?
_búplne prvé otázky a odpovede
_cilustrovala Marta Álvarez Miguéns ; napísala Katie Daynes ; z anglického vydania " What are stars?" ... preklad Jitka Madarásová
250 _aPrvé slovenské vydanie
264 1 _aBratislava
_bSvojtka & Co., s.r.o.
_c2018
300 _a12 nečíslovaných strán
_bfarebné ilustrácie
_c20 cm
336 _atext
_btxt
_2rdacontent
336 _astatický obraz
_bsti
_2rdacontent
337 _abez média
_bn
_2rdamedia
338 _azväzok
_bnc
_2rdacarrier
490 1 _aKuk pod okienko
500 _aKartónové listy s otváracími okienkami
650 0 7 _ahviezdy
_2SNKPH
650 0 7 _aStars
_2SNKPHeng
655 7 _aPicture books for children
_2SNKPHeng
655 7 _apublikácie pre deti
_2SNKPH
655 7 _aleporelá
_2SNKPH
655 7 _aPublications for children
_2SNKPHeng
700 1 _aMadarásová, Jitka
_4trl
700 1 _aDaynes, Katie
_4aut
830 0 _aKuk pod okienko
942 _2ddc
_cKLDE
_n0
949 _617A1165280
_asnkOSD 10333
_bsnk2019/14740
_o987/2019
949 _617A1165281
_asnkOSD 10333 D1
_bsnk2019/14741
_o987/2019
949 _6270001000602022
_asvkbbA 157437
_bsvkbbm 783412
999 _c21433
_d21433